Patología general veterinaria (Registro nro. 37907)

Detalles MARC
000 -Líder
campo de control de longitud fija 02270nam a22003737a 4500
005 - Fecha y Hora de Actualización
campo de control 20260417112554.0
008 - Longitud Fija
campo de control de longitud fija 260417b |||||||| |||| 00| 0 eng d
020 ## - International Standard Book Number
ISBN 9786073098274
040 ## - Fuente de Catalogación
Centro catalogador/agencia de origen Uniagraria
Lengua de catalogación Español
Normas de descripción rda
041 ## - Idioma
Código de lengua del texto/banda sonora o título independiente Español
Código de lengua original Español
110 ## - Entrada Principal -- Nombre Corporativo
Nombre corporativo o nombre de jurisdicción como elemento de entrada Universidad Nacional Autónoma de México
Unidad subordinada Facultad de Medicina Veterinaria y Zootecnia
Término indicativo de función/relación autor
9 (RLIN) 1111
245 ## - Título Propiamente Dicho
Título Patología general veterinaria
Mención de responsabilidad Alfonso López Mayagoitia, Laury C. Martínez Chavarría, Isaac Martinéz Racine, et al.
250 ## - Edición
Mención de edición Séptima edición
264 ## - Producción, Publicación, Distribución, Fabricación y Copyright
Producción, publicación, distribución, fabricación y copyright Ciudad de México,
Nombre del de productor, editor, distribuidor, fabricante Navegates de la Comunicaicón Grafica
Fecha de producción, publicación, distribución, fabricación o copyright 2025
300 ## - Descripción Física
Extensión 296 páginas :
Otras características físicas ilustraciones, gráficos, tablas
Dimensiones 28 cm.
336 ## - Tipo de Contenido
Fuente rdacontent
Término de tipo de contenido texto
Código de tipo de contenido texto
337 ## - Tipo de Medio
Fuente rdamedia
Nombre/término del tipo de medio no mediado
Código del tipo de medio no mediado
338 ## - Tipo de Portador
Fuente rdacarrier
Nombre/término del tipo de soporte volumen
Código del tipo de soporte volumen
500 ## - Nota General
Nota general Incluye cuadros, fotografías, figuras.
505 ## - Nota de Contenido
Nota de contenido con formato Contenido: Capítulo 1. Introducción a la patología. -- Capítulo 2. Alteraciones Hemodinámicas. -- Capítulo 3. Adaptación, lesión y muerte celular. -- Capítulo 4. Proceso inflamatorio. -- Capítulo 5. Reparación. -- Capítulo 6. Inmunología. -- Capítulo 7. Neoplasias. -- Capítulo 8. Patología ambiental. -- Índice analítico.
520 ## - Nota de Resumen
Sumario, etc. Obra que expone los principios fundamentales de la patología general aplicados a la medicina veterinaria. Analiza los mecanismos de lesión celular, inflamación, trastornos circulatorios, alteraciones del crecimiento y procesos degenerativos, con énfasis en la interpretación de cambios morfológicos y funcionales en los animales. Integra bases teóricas y aplicaciones prácticas para el diagnóstico y comprensión de enfermedades, dirigida a estudiantes y profesionales del área veterinaria.
598 ## - Programas Académicos
Programas Académicos Medicina Veterinaria
700 ## - Entrada secundaria -- Nombre personal
Nombre de persona López Mayagoita, Alfonso
Término indicativo de función/relación autor
9 (RLIN) 1115
700 ## - Entrada secundaria -- Nombre personal
Nombre de persona Martínez Chavarría, Luary C.
Término indicativo de función/relación autor
9 (RLIN) 1116
700 ## - Entrada secundaria -- Nombre personal
Nombre de persona Martínez Racine, Isaac
Término indicativo de función/relación autor
9 (RLIN) 1117
700 ## - Entrada secundaria -- Nombre personal
Nombre de persona Romero Romero, Laura
Término indicativo de función/relación autor
9 (RLIN) 1118
082 04 - Número de Clasificación Decimal Dewey
Información de edición 636.089607 /
Número de clasificación Un58p
650 #0 - Punto de Acceso Adicional -- Materia general
Término de materia o nombre geográfico como elemento de entrada Patología - Medicina veterinaria
9 (RLIN) 1114
650 #0 - Punto de Acceso Adicional -- Materia general
Término de materia o nombre geográfico como elemento de entrada Enfermedades de los animales
9 (RLIN) 1119
650 #0 - Punto de Acceso Adicional -- Materia general
Término de materia o nombre geográfico como elemento de entrada Fisiopatología veterinaria
9 (RLIN) 1120
650 #0 - Punto de Acceso Adicional -- Materia general
Término de materia o nombre geográfico como elemento de entrada Diagnóstico veterinario
9 (RLIN) 1121
650 #0 - Punto de Acceso Adicional -- Materia general
Término de materia o nombre geográfico como elemento de entrada Animales — Enfermedades
9 (RLIN) 1122
942 ## - Punto de Acceso Adicional Koha
Tipo de ítem Koha Libro general
Suprimir en OPAC No
Existencias
Estatus retirado Estado de pérdida Fuente de la clasificación o esquema de estantería Estado de daño No para préstamo Colección Biblioteca de origen Biblioteca actual Fecha de adquisición Forma de adquisición Precio Total de préstamos Signatura topográfica completa Código de barras Visto por última vez Precio de reemplazo Tipo de ítem Koha
    Clasificación Decimal Dewey     General Biblioteca Uniagraria Biblioteca Uniagraria 09/04/2026 Compra 531.00   636.089607 / Un58p 0100030461 17/04/2026 17/04/2026 Libro general